000 01217nam a22002657a 4500
003 BPGM
008 260616e1997 mx ol||g |||| 001 0 spa d
040 _bspa
041 _aspa
_hspa
082 0 4 _2261.57
_aG73
100 _aESCOBAR AGUSTÍN, GARCÍA CARLOS, GONZALEZ CAROLUSA, LAGE MARTA Y ZÁRATE GUADALUPE
_eAUTORES
245 _aGRACIAS Y DESGRACIAS
_bRELIGIOSIDAD Y ARTE POPULAR EN LOS EXVOTOS DE QUERÉTARO
250 _aPRIMERA EDICIÓN
_b1997
260 _aMÉXICO
_bGOBIERNO DEL ESTADO DE QUERÉTARO
_c1997
300 _a287 páginas
_b27.5 cm x 21.2 cm
336 _2rdacontent
_atexto
_btxt
337 _2rdamedia
_asin mediación
_bn
338 _2rdacarrier
_avolumen
_bnc
505 _aes un estudio sobre la tradición de los exvotos pequeñas pinturas o inscripciones ofrecidas en templos como agradecimiento por favores recibidos o como testimonio de desgracias superadas. El libro analiza cómo estas piezas reflejan la religiosidad popular, la vida cotidiana y la creatividad artística de las comunidades queretanas.
650 _2RELIGIÓN
650 _2TEOLOGÍA SOCIAL Y ECLESIÁSTICA
650 _2TEOLOGÍA SOCIAL
700 _aESCOBAR AGUSTÍN
_eFOTOGRAFO
942 _2ddc
_cCOLQ
999 _c68610
_d68610